[Event "Oberwart op"]
[Site "Oberwart"]
[Date "1998.07.27"]
[Round "3"]
[White "Eingorn, Vereslav S"]
[Black "Gaertner, Guntram"]
[Result "1-0"]
[WhiteElo "2610"]
[BlackElo "2340"]

1.c4 c6 2.Nf3 d5 3.d4 Nf6 4.Nc3 a6 5.h3 b5 6.cxd5 cxd5 7.Bf4 Bf5 8.e3 e6
9.Rc1 Be7 10.a4 b4 11.Ne2 Ra7 12.Ng3 Bg6 13.Bd3 O-O 14.O-O Bd6 15.Bxg6 hxg6
16.Bxd6 Qxd6 17.Qc2 Nbd7 18.b3 a5 19.Qc6 Qb8 20.Rc2 Rd8 21.Rfc1 Ne8 22.Ne2 Rc7
23.Qa6 Ra7 24.Qd3 Rc7 25.Rxc7 Nxc7 26.Ne5 Nxe5 27.dxe5 d4 28.Nxd4 Qb7 29.Rc5 Rd5
30.Qc4 Na6 31.Rc8+ Kh7 32.Nf3 Rd1+ 33.Kh2 g5 34.Nxg5+ Kg6 35.Nf3  1-0

[Event "Oberwart op"]
[Site "Oberwart"]
[Date "1998.07.27"]
[Round "3"]
[White "Hopfgartner, Heinz"]
[Black "Pingitzer, Harald"]
[Result "0-1"]
[WhiteElo "2145"]
[BlackElo "2300"]

1.c4 c6 2.e4 d5 3.cxd5 cxd5 4.exd5 Nf6 5.Nc3 Nxd5 6.d4 Nc6 7.Nf3 Bg4 8.Bb5 Nxc3
9.bxc3 Qd5 10.Be2 e6 11.O-O Bd6 12.c4 Qf5 13.d5 Bxf3 14.dxc6 Qe5 15.g3 Bxe2
16.cxb7 Rd8 17.Qa4+ Ke7 18.Bf4 Qc5 19.Be3 Qc7 20.Qxa7 Bxf1 21.c5 Be5 22.Rxf1 Rb8
23.Rb1 Rhd8 24.Qa6 Bd4 25.Bxd4 Rxd4 26.c6 Rd5 27.Qa3+ Ke8 28.Rc1 f6 29.Qa8 Rdd8
30.Qa4 Kf7 31.Qh4 Rxb7 32.Qxh7 Rb6 33.h4 Rxc6  0-1

[Event "Recklinghauser Schachtage"]
[Site "Recklinghausen"]
[Date "1998.07.27"]
[Round "3"]
[White "Pinter, Jozsef"]
[Black "Stefanova, Antoaneta"]
[Result "1-0"]
[WhiteElo "2590"]
[BlackElo "2480"]

1.c4 c6 2.Nf3 d5 3.e3 Nf6 4.Nc3 g6 5.d4 Bg7 6.Be2 O-O 7.O-O Nbd7 8.cxd5 cxd5
9.Qb3 Nb8 10.Bd2 Nc6 11.Rfc1 Na5 12.Qa3 b6 13.b3 Bb7 14.Be1 Nd7 15.Rd1 Re8
16.Rac1 a6 17.h3 Bf8 18.Qb2 Bg7 19.Rc2 e6 20.Qc1 b5 21.Nb1 Qb6 22.Bf1 Nc6
23.a3 b4 24.axb4 Nxb4 25.Rb2 a5 26.Nc3 Ba6 27.Na4 Qb7 28.Bxb4 Bxf1 29.Ba3 Bb5
30.Nc5 Nxc5 31.Bxc5 Rec8 32.Qd2 e5 33.Ra1 e4 34.Ne1 Qd7 35.Rba2 a4 36.Qd1 Rxc5
37.dxc5 Bxa1 38.Qxa1 Qc6 39.Nc2 Qxc5 40.bxa4 Bd3 41.Nd4 h5 42.Qb2 Qc4 43.a5 Qc7
44.Qd2 Kh7 45.f4 Ra6 46.Ra1 Qc5 47.Kh2 Qc7 48.Kh1 Qc5 49.Qe1 Qc7 50.Qb4 Ra8
51.Qa3 Ra7 52.Kg1 Ra8 53.Qb4 Rb8 54.Qe1 Ra8 55.h4 Ra7 56.f5 Ra6 57.Qf2 Rf6
58.g3 gxf5 59.Kh2 f4 60.gxf4 Rg6 61.Kh3 Ba6 62.f5 Rg4 63.Rg1 Rxg1 64.Qxg1 Qxa5
65.Qg5 Qe1 66.Qxh5+ Kg8 67.Qg5+ Kh7 68.Qh5+ Kg8 69.Qg4+ Kh7 70.Qg3 Qf1+ 71.Kg4 f6
72.Qc7+ Kh6 73.Qf4+ Qxf4+ 74.Kxf4 Kh5 75.Kg3 Bc8 76.Ne6 Bd7 77.Nf4+ Kh6 78.Nxd5 Bxf5
79.Nxf6 Kg6 80.Nd5 Kh5 81.Nf4+ Kh6 82.Kf2 Kg7 83.Ne2 Bg4 84.Nc3 Bf5 85.Kg3 Kh6
86.Nb5 Kh5 87.Nc7 Bh7 88.Ne8 Bf5 89.Ng7+ Kg6 90.Nxf5 Kxf5 91.Kh3 Kf6 92.Kg4 Kg6
93.Kf4  1-0

[Event "Saitek US Masters"]
[Site "Hawaii"]
[Date "1998.07.28"]
[Round "8"]
[White "Gulko, Boris F"]
[Black "Blatny, Pavel"]
[Result "1-0"]
[WhiteElo "2585"]
[BlackElo "2520"]

1.c4 c6 2.e4 e5 3.d4 d6 4.Nc3 g6 5.Nf3 Bg7 6.Be2 Ne7 7.dxe5 dxe5 8.Qxd8+ Kxd8
9.Be3 Na6 10.O-O-O+ Ke8 11.c5 Nc7 12.Nd2 Be6 13.Nc4 Rb8 14.f4 Bxc4 15.Bxc4 Bh6
16.g3 Rf8 17.h4 Ne6 18.Ne2 Ng8 19.h5 Ke7 20.hxg6 hxg6 21.Bxe6 fxe6 22.Rd3 Rbd8
23.Ra3 a6 24.fxe5 Bxe3+ 25.Rxe3 g5 26.Rb3 Rd7 27.Rd1 Rxd1+ 28.Kxd1 Rd8+ 29.Ke1 Rd7
30.Ng1 Nh6 31.Nf3 Nf7 32.g4 Kf8 33.Ke2 Kg7 34.Rd3 Rxd3 35.Kxd3 Kf8 36.Kc4 Ke7
37.Kb4 Kd7 38.Ka5 Kc7 39.Nd4 Kd7 40.Kb6 Nxe5 41.Kxb7 Nd3 42.Nxc6 Nxc5+ 43.Kb6 Na4+
44.Ka5 Nxb2 45.Ne5+ Kc7 46.Nf7 Nc4+ 47.Kxa6 Ne3 48.Nxg5 e5 49.Ne6+ Kd6 50.Ng7 Nxg4
51.Kb6 Nf2 52.Nf5+ Kd7 53.Ng3 Kc8 54.Kc6 Nd3 55.a3 Kb8 56.Nf1 Ka7 57.Nd2 Ka6
58.Nc4 Nf2 59.Kd5 Kb5 60.Nxe5 Ka4 61.Nc4 Kb3 62.a4 Kxa4 63.e5 Ng4 64.e6 Nf6+
65.Kc5 Ng8 66.Ne3 Kb3 67.Ng4 Ne7 68.Nh6 Nc8 69.Nf5 Ka4 70.Kc6 Ka5 71.Kc7 Nb6
72.Ne3  1-0

[Event "RUS-ch51"]
[Site "St Petersburg"]
[Date "1998.07.29"]
[Round "2"]
[White "Popov, Valerij"]
[Black "Yagupov, Igor"]
[Result "1/2-1/2"]
[WhiteElo "2520"]
[BlackElo "2450"]

1.c4 c6 2.Nf3 d5 3.e3 Nf6 4.Nc3 e6 5.b3 Nbd7 6.Qc2 Bd6 7.Bb2 O-O 8.d4 b6
9.Bd3 Bb7 10.O-O Qe7 11.cxd5 cxd5 12.Nb5 Rfc8 13.Qe2 Bb4 14.Rfc1 Qd8 15.Rxc8 Bxc8
16.Ne5 Nxe5 17.dxe5 Nd7 18.a3 Be7 19.Qc2 g6 20.Nc7 Rb8 21.Na6 Bxa6 22.Bxa6 Nc5
23.Bb5 Rc8 24.b4 Ne4 25.Qd3 Qc7 26.f3 Qc2 27.Qxc2 Rxc2 28.Bd4 Nc3 29.Bd3 Rd2
30.Ba6 Ne2+ 31.Bxe2 Rxe2 32.Rc1 a5 33.Rc7 axb4 34.Kf1 Rd2 35.Ke1 Rxg2 36.Rxe7 b3
37.Re8+ Kg7 38.Rb8 b2 39.Bxb2 Rxb2 40.a4 Rxh2 41.Rxb6 Ra2 42.Rb4 h5 43.Rh4 f6
44.exf6+ Kxf6 45.Kf1 Rb2 46.Rf4+ Ke7 47.Rd4 g5 48.Rd3 Ra2 49.Rd4 Kf6 50.Rb4 h4
51.e4 h3 52.Kg1 Ke5 53.exd5 exd5 54.Rg4 Kf5 55.Kh1 Rf2 56.a5 Rxf3 57.Ra4 Ke5
58.a6 Rf8 59.Kh2 d4 60.a7 Ra8 61.Kxh3 d3 62.Ra5+ Ke4 63.Ra6 Kd5 64.Ra2 Kc4
65.Kg4 Kc3 66.Ra6 d2 67.Rc6+ Kb2 68.Rd6 Kc2 69.Rc6+ Kb2 70.Rd6  1/2-1/2

[Event "RUS-ch51"]
[Site "St Petersburg"]
[Date "1998.07.30"]
[Round "3"]
[White "Filippov, Valerij"]
[Black "Galkin, Alexander"]
[Result "1-0"]
[WhiteElo "2595"]
[BlackElo "2540"]

1.c4 c6 2.Nf3 d5 3.d4 e6 4.g3 Nf6 5.Bg2 Nbd7 6.O-O Be7 7.Qc2 O-O 8.b3 b6
9.Rd1 Ba6 10.Nbd2 c5 11.e4 dxc4 12.Nxc4 cxd4 13.Nxd4 Rc8 14.Qe2 Qc7 15.Bf4 Bxc4
16.bxc4 e5 17.Nf5 Nc5 18.Bd2 Ne6 19.Bc3 Bc5 20.Kh1 Rfd8 21.f4 exf4 22.e5 Rxd1+
23.Rxd1 Ne8 24.Qg4 fxg3 25.Rf1 Kh8 26.hxg3 Qd7 27.Be4 Bf8 28.Nh6 gxh6 29.Qf5 f6
30.exf6 Qf7 31.Bd5 N8c7 32.Be5 Nxd5 33.cxd5 Re8 34.dxe6 Rxe6 35.Rd1 Rc6 36.Kg2 Rc5
37.Rd7 Qxa2+ 38.Kh3 Rxe5 39.Qxe5  1-0

[Event "Oberwart op"]
[Site "Oberwart"]
[Date "1998.08.01"]
[Round "8"]
[White "Kleissl, Helmut"]
[Black "Wadsack, Wolfgang"]
[Result "1-0"]
[WhiteElo "2300"]
[BlackElo "2180"]

1.c4 c6 2.d4 d5 3.cxd5 cxd5 4.Bf4 Nc6 5.Nc3 e6 6.Nf3 Nf6 7.e3 Bb4 8.Bd3 Qa5
9.O-O Bxc3 10.bxc3 O-O 11.Ne5 Nd7 12.Nxd7 Bxd7 13.Qc2 f5 14.Rfb1 Nd8 15.a4 Rc8
16.Ra3 Bc6 17.g4 g6 18.Kh1 Rf7 19.Rg1 Bd7 20.gxf5 exf5 21.Rb1 Bc6 22.Be5 Ne6
23.Rg1 Kf8 24.f4 Qd8 25.Qf2 Qe7 26.Ra2 Ke8 27.h3 Nf8 28.Kh2 Nd7 29.c4 Nxe5
30.fxe5 Qb4 31.c5 a6 32.Rg2 Qc3 33.Rd2 Bd7 34.Bf1 Re7 35.Rd3 Qa5 36.Qh4 Be6
37.Rb3 Qxa4 38.Rgb2 Rcc7 39.Qf6 Qa1 40.Rb6 Qxf1 41.Qh8+ Kd7 42.Rd6+  1-0

[Event "BCF-ch"]
[Site "Torquay"]
[Date "1998.08.03"]
[Round "7"]
[White "Rowson, Jonathan"]
[Black "Summerscale, Aaron"]
[Result "1-0"]
[WhiteElo "2485"]
[BlackElo "2440"]

1.c4 c6 2.Nc3 e5 3.Nf3 d6 4.d4 Nd7 5.e4 Ngf6 6.Be2 Be7 7.O-O O-O 8.Be3 a6
9.d5 c5 10.Ne1 Ne8 11.Qd2 g6 12.Nd3 Ng7 13.Bh6 Kh8 14.Kh1 Nf6 15.f4 Qc7 16.fxe5 dxe5
17.Bg5 Nge8 18.Rad1 Ng8 19.Bxe7 Qxe7 20.Na4 b5 21.cxb5 axb5 22.Naxc5 Rxa2
23.Nb4 Qxc5 24.Nxa2 Nd6 25.Qb4 Qxb4 26.Nxb4 Nxe4 27.d6 Bd7 28.Bf3 Ng5 29.Bc6 Bg4
30.Rd5 f6 31.Rxe5 Nf7 32.Rd5 Rd8 33.Rd4 Be2 34.Re1 Bc4 35.Red1 Ngh6 36.Be4 Ng4
37.R1d2 Nge5 38.Nc6 Rd7 39.Nb8 Rd8 40.Nc6 Rd7 41.Kg1 Kg7 42.Na5 Nd8 43.b3 Be6
44.Rb4 Ndf7 45.Nb7 f5 46.Nc5 Rxd6 47.Rxd6 Nxd6 48.Nxe6+ Kf6 49.Bd5  1-0

[Event "MK Cafe Cup-A"]
[Site "Koszalin"]
[Date "1998.08.04"]
[Round "2"]
[White "McNab, Colin Anderson"]
[Black "Tukmakov, Vladimir B"]
[Result "1/2-1/2"]
[WhiteElo "2445"]
[BlackElo "2605"]

1.c4 c6 2.Nf3 d5 3.e3 Nf6 4.Nc3 e6 5.Qc2 Bd6 6.d4 Nbd7 7.Bd2 O-O 8.O-O-O Ng4
9.Be1 f5 10.h3 Nh6 11.Be2 a6 12.g4 b5 13.gxf5 bxc4 14.e4 Nb6 15.fxe6 Bxe6
16.Bd2 Kh8 17.Rdg1 Ra7 18.Be3 Bf4 19.Qd2 Bxe3 20.Qxe3 dxe4 21.Ne5 Bd5 22.Nxd5 Nxd5
23.Qa3 Rc7 24.Bxc4 Rxf2 25.Rf1 Rf6 26.Kb1 Nf5 27.Re1 e3 28.Ng4 Rff7 29.Bxd5 Qxd5
30.Nxe3 Nxe3 31.Qxe3 Rce7 32.Qd3 h6 33.Rhf1 Rxf1 34.Rxf1 Re8 35.Rd1 a5 36.a3 a4
37.Qc2 Qb5 38.Qc3 Re2 39.Ka1 Rf2 40.Re1 Rf1 41.Rxf1 Qxf1+ 42.Ka2 Qf7+ 43.b3 h5
44.Qe3 g5 45.Kb2 Qxb3+ 46.Qxb3 axb3 47.a4 g4 48.hxg4 hxg4  1/2-1/2

[Event "MK Cafe Cup-A"]
[Site "Koszalin"]
[Date "1998.08.05"]
[Round "3"]
[White "Khasin, Alexander"]
[Black "Cichocki, Adam"]
[Result "1-0"]
[WhiteElo "2500"]
[BlackElo "2365"]

1.c4 c6 2.d4 d5 3.Nf3 Nf6 4.Qb3 Qb6 5.Nc3 Bf5 6.c5 Qxb3 7.axb3 Na6 8.Bf4 Nb4
9.Ra4 a5 10.Bc7 Ne4 11.e3 Nc2+ 12.Ke2 f6 13.Ne1 e5 14.Nxc2 Nxc3+ 15.bxc3 Bxc2
16.Ra3 a4 17.b4 Kd7 18.Bb6 exd4 19.Kd2 Bb3 20.cxd4 Be7 21.Bd3 g6 22.Rha1 f5
23.Bc2 Bc4 24.Rxa4 Rxa4 25.Rxa4 Bf1 26.Ra7 Rb8 27.g3 h5 28.Bd3 Bxd3 29.Kxd3 g5
30.f3 g4 31.e4 gxf3 32.exd5 f2 33.Ke2 Bf6 34.Kxf2 Bxd4+ 35.Kf3 cxd5 36.c6+  1-0

[Event "North Bay op"]
[Site "North Bay"]
[Date "1998.08.05"]
[Round "2"]
[White "Khassanov, M."]
[Black "Halldor, P."]
[Result "1/2-1/2"]
[WhiteElo "2320"]
[BlackElo "2145"]

1.c4 c6 2.e4 d5 3.exd5 cxd5 4.cxd5 Qxd5 5.Nc3 Qd8 6.d4 Nf6 7.Bg5 e6 8.Nf3 Be7
9.Rc1 Nc6 10.Bd3 Bd7 11.O-O O-O 12.Bb1 Nd5 13.Qd3 g6 14.Bh6 Re8 15.Nxd5 exd5
16.Qb3 Na5 17.Qd1 Nc4 18.Ne5 Be6 19.b3 Nd6 20.Qf3 Bg5 21.Bxg5 Qxg5 22.Qg3 Qxg3
23.hxg3 Rac8 24.Rcd1 Rc3 25.Rd2 Rec8 26.Rfd1 Kg7 27.f3 Rc1 28.Bd3 h5 29.Kf2 R8c7
30.Rxc1 Rxc1 31.Rc2  1/2-1/2

[Event "COL-ch"]
[Site "Pensilvania"]
[Date "1998.08.05"]
[Round "5"]
[White "Gamboa, Nelson"]
[Black "Echavarria, Johann"]
[Result "0-1"]
[WhiteElo "2380"]
[BlackElo "2205"]

1.c4 c6 2.e4 d5 3.exd5 cxd5 4.d4 Nf6 5.Nc3 e6 6.cxd5 Nxd5 7.Nf3 Be7 8.Bd3 O-O
9.O-O Nc6 10.Qe2 Ndb4 11.Bb1 Nxd4 12.Nxd4 Qxd4 13.Rd1 Qc5 14.a3 Nc6 15.Ne4 Qa5
16.b4 Nxb4 17.axb4 Qxa1 18.Bb2 Qa4 19.Bc2 Qxb4 20.Bc3 Qb6 21.Nf6+ Bxf6 22.Bxf6 e5
23.Qe4 g6 24.Qh4 Bg4 25.Rb1 Qd6 26.h3 Rfc8 27.Bb3 Rc6 28.Be7 Qd3 29.Bxf7+ Kxf7
30.Qxh7+ Ke6 31.Rxb7 Bf5 32.Bg5 Kd5 33.Rd7+ Rd6 34.Qf7+ Kc6 35.Rc7+ Kb5 36.Qa2 Qb1+  0-1

[Event "BCF-ch"]
[Site "Torquay"]
[Date "1998.08.06"]
[Round "10"]
[White "Williams, Simon"]
[Black "Houska, Jovanka"]
[Result "1-0"]
[WhiteElo "2315"]
[BlackElo "2185"]

1.c4 c6 2.Nc3 d5 3.cxd5 cxd5 4.d4 Nf6 5.Bf4 Nc6 6.e3 a6 7.Bd3 Bg4 8.Nf3 Bxf3
9.Qxf3 e6 10.Rc1 Bd6 11.Bxd6 Qxd6 12.Qg3 Qxg3 13.hxg3 O-O 14.Ke2 Rac8 15.Na4 h6
16.Nc5 Rc7 17.a3 Rfc8 18.b4 Nb8 19.Kd2 Ne8 20.Nxb7 Rxc1 21.Rxc1 Rxc1 22.Kxc1 Kf8
23.Kc2 Ke7 24.Kb3 Kd7 25.Nc5+ Kc6 26.Nxa6 Nxa6 27.Bxa6 f6 28.a4 Nd6 29.Bd3 e5
30.b5+ Kb6 31.Kb4 Nb7 32.Bf5 Kc7 33.a5 g5 34.Be6 Kd6 35.a6 Nd8 36.a7  1-0

[Event "MK Cafe Cup-A"]
[Site "Koszalin"]
[Date "1998.08.07"]
[Round "5"]
[White "Ftacnik, Lubomir"]
[Black "Maksimenko, Andrei"]
[Result "1/2-1/2"]
[WhiteElo "2585"]
[BlackElo "2500"]

1.c4 c6 2.e4 d5 3.exd5 cxd5 4.cxd5 Qxd5 5.Nc3 Qd8 6.Nf3 Nf6 7.d4 e6 8.Bc4 Be7
9.O-O Nc6 10.Bg5 O-O 11.Rc1 b6 12.a3 Bb7 13.Qd3 Rc8 14.Rfd1 Nd5 15.h4 Nxc3
16.Rxc3 Na5 17.Bxe7 Qxe7 18.Ng5 g6 19.Ba2 Rxc3 20.Qxc3 h6 21.Nf3 Qf6 22.Ne5 Rc8
23.Qe3 h5 24.Re1 Bd5 25.Bxd5 exd5 26.Rc1 Nc4 27.Qg3 Qf5 28.Nxc4 dxc4 29.Qd6 Qb5
30.Qb4 Qd5 31.Qc3 b5 32.Re1 Rd8 33.Re5 Qxd4 34.Qxd4 Rxd4 35.Rxb5 Rxh4 36.Ra5 c3
37.bxc3 Rc4 38.Rxa7 Rxc3 39.g3 Kg7 40.a4  1/2-1/2

[Event "Stockholm2"]
[Site "Stockholm"]
[Date "1998.08.09"]
[Round "9"]
[White "Agrest, Evgenij"]
[Black "Engqvist, Thomas"]
[Result "1/2-1/2"]
[WhiteElo "2545"]
[BlackElo "2330"]

1.c4 c6 2.Nc3 d5 3.d4 Nf6 4.Nf3 dxc4 5.e3 b5 6.a4 b4 7.Nb1 Ba6 8.Be2 e6 9.O-O Be7
10.Ne5 O-O 11.Nd2 c5 12.Ndxc4 Bb7 13.a5 Na6 14.Bf3 Qc7 15.b3 Rfd8 16.Bb2 Rac8
17.Rc1 Qb8 18.Qe2 Qa8 19.Rfd1 Bxf3 20.Nxf3 Qb7 21.Nce5 Ne4  1/2-1/2

[Event "AZ Sanace Cup"]
[Site "Olomouc"]
[Date "1998.08.10"]
[Round "3"]
[White "Stohl, Igor"]
[Black "Zurek, Milan"]
[Result "1-0"]
[WhiteElo "2540"]
[BlackElo "2455"]

1.c4 c6 2.d4 d5 3.Nc3 Nf6 4.Nf3 dxc4 5.a4 Bf5 6.Ne5 Nbd7 7.Nxc4 Qc7 8.g3 e5
9.dxe5 Nxe5 10.Bf4 Rd8 11.Qc1 Bd6 12.Nxd6+ Qxd6 13.Bg2 a5 14.O-O O-O 15.Nd1 Qe6
16.Ne3 Be4 17.f3 Bd5 18.Qc3 Rfe8 19.Rfd1 h6 20.Nc2 Ng6 21.e4 Nxf4 22.gxf4 Nxe4
23.fxe4 Bxe4 24.Rxd8 Rxd8 25.Re1 f5 26.Bxe4 fxe4 27.Ne3 Qh3 28.Qc4+ Kh8 29.Qxe4 Rd2
30.Qe8+ Kh7 31.Qe4+ Kh8 32.Ng2 Qb3 33.f5 Rd1 34.Rxd1 Qxd1+ 35.Ne1 Qc1 36.b3 Qd1
37.Qe8+ Kh7 38.Qg6+ Kh8 39.Qe6 b5 40.axb5 cxb5 41.Kf1 Qh5 42.f6 gxf6 43.Qxf6+ Kh7
44.Nf3 a4 45.b4 a3 46.Qe7+ Kg8 47.Qd8+ Kf7 48.Qc7+ Kf8 49.Qb8+ Qe8 50.Qa7  1-0

[Event "MK Cafe Cup-A"]
[Site "Koszalin"]
[Date "1998.08.11"]
[Round "9"]
[White "Nikcevic, Nebojsa"]
[Black "Cichocki, Adam"]
[Result "1-0"]
[WhiteElo "2480"]
[BlackElo "2365"]

1.c4 c6 2.Nf3 d5 3.e3 Nf6 4.d4 Bf5 5.cxd5 cxd5 6.Nc3 e6 7.Ne5 Nc6 8.g4 Be4
9.f3 Bg6 10.h4 h5 11.Nxg6 fxg6 12.g5 Ng8 13.Bd3 Qd6 14.Ne2 O-O-O 15.Nf4 Kb8
16.Nxg6 e5 17.Nxh8 exd4 18.Kf2 dxe3+ 19.Bxe3 d4 20.Kg2 Re8 21.Bf2 Ka8 22.Re1 Rxe1
23.Qxe1  1-0

[Event "Wch (Men) U26"]
[Site "Rotterdam"]
[Date "1998.08.13"]
[Round "3"]
[White "Sichinava, Roman"]
[Black "Buchnicek, Petr"]
[Result "1-0"]
[WhiteElo "2395"]
[BlackElo "2240"]

1.c4 c6 2.b3 d5 3.Bb2 Bf5 4.d3 Nd7 5.Nf3 Ngf6 6.g3 e6 7.Bg2 Bd6 8.O-O O-O
9.Nbd2 Qe7 10.Qc2 h6 11.Bc3 a5 12.Rae1 Bh7 13.e4 dxe4 14.dxe4 Bb4 15.Re2 Rfd8
16.Qb2 Bxc3 17.Qxc3 Qb4 18.Qe3 Nc5 19.Ne1 Qb6 20.a3 e5 21.Qc3 Nfd7 22.Nc2 Ne6
23.b4 axb4 24.axb4 Ra4 25.Rb1 Rda8 26.c5 Qa7 27.Nc4 f6 28.Nd6 Kh8 29.h4 Bg8
30.Rd2 Ndf8 31.Bf1 b5 32.Nf5 Rd8 33.Rxd8 Nxd8 34.Rd1 Nb7 35.Ne7 Bh7 36.Nxc6 Qa6
37.Ne7 Qe6 38.Nf5 Bxf5 39.exf5 Qxf5 40.Ne3 Qe6 41.Bxb5 Ra8 42.Bc4 Qe8 43.Bd5 Ra7
44.Ra1 Qa8 45.Rxa7 Qxa7 46.Bxb7 Qxb7 47.c6 Qc8 48.c7 Ne6 49.Nd5 Nd4 50.Qc4 Kh7
51.Ne7  1-0

[Event "Hampstead IM3"]
[Site "Hampstead"]
[Date "1998.08.15"]
[Round "6"]
[White "Knott, Simon JB"]
[Black "Shah, Arpi"]
[Result "1-0"]
[WhiteElo "2340"]
[BlackElo "2030"]

1.c4 c6 2.d4 d5 3.Nf3 Nf6 4.Nc3 dxc4 5.a4 Bg4 6.Ne5 Bh5 7.h3 e6 8.g4 Bg6
9.Bg2 Nbd7 10.Nxc4 Bb4 11.O-O a5 12.e4 Nb6 13.Ne5 Nfd7 14.Nxd7 Nxd7 15.f4 f6
16.Na2 Be7 17.Kh1 Qb6 18.d5 cxd5 19.exd5 e5 20.Nc3 Bc5 21.Nb5 O-O 22.d6 Bf7
23.Qf3 Rab8 24.Re1 Rfd8 25.Be3 Bxe3 26.Rxe3 Rdc8 27.b3 h6 28.Rf1 Rc2 29.fxe5 Nxe5
30.Rxe5 fxe5 31.Qxf7+ Kh8 32.Be4 Rc1 33.Rxc1 Qe3 34.Rf1 Qxe4+ 35.Kg1 Qe3+
36.Qf2 Qe4 37.Qf3 Qg6 38.Qf5 Qe8 39.d7 Qe7 40.Rc1 Rd8 41.Rc8 Qh4 42.Kg2 Qe7
43.Nd6  1-0

[Event "Energy Cup"]
[Site "Olomouc"]
[Date "1998.08.16"]
[Round "9"]
[White "Obsivac, Josef"]
[Black "Beil, Zdenek"]
[Result "1-0"]
[WhiteElo "2350"]
[BlackElo "2320"]

1.c4 c6 2.Nf3 d5 3.d4 Nf6 4.Nc3 g6 5.Bf4 Bg7 6.h3 dxc4 7.e4 b5 8.Qc2 a6 9.g4 O-O
10.Bg2 Nbd7 11.Rd1 Bb7 12.Ne5 Qc8 13.Ne2 Nb6 14.g5 Nfd7 15.Ng4 a5 16.h4 a4
17.a3 c5 18.d5 b4 19.h5 c3 20.Nh6+ Kh8 21.bxc3 Ne5 22.Bxe5 Bxe5 23.f4 b3
24.Qd3 Ba6 25.Qg3 Bxe2 26.Kxe2 Qa6+ 27.Kf2 Bg7 28.Bf1 Qa5 29.e5 c4 30.Bg2 Rad8
31.Qf3 Nd7 32.Ng4 Rfe8 33.Qh3 Qc5+ 34.Kg3 Kg8 35.hxg6 hxg6 36.Qh7+ Kf8 37.Nh6  1-0

[Event "Hampstead IM3"]
[Site "Hampstead"]
[Date "1998.08.20"]
[Round "10"]
[White "Mah, Karl"]
[Black "Palliser, Richard"]
[Result "1/2-1/2"]
[WhiteElo "2330"]
[BlackElo "2175"]

1.c4 c6 2.e4 d5 3.exd5 cxd5 4.d4 Nf6 5.Nc3 Nc6 6.Nf3 Bg4 7.cxd5 Nxd5 8.Qb3 Bxf3
9.gxf3 e6 10.Qxb7 Nxd4 11.Bb5+ Nxb5 12.Qc6+ Ke7 13.Qxb5 Qd7 14.Nxd5+ Qxd5
15.Qxd5 exd5 16.O-O Ke6 17.Re1+ Kf5 18.Rd1 Ke6 19.Be3 Bb4 20.Rac1 Rhc8 21.Rxc8 Rxc8
22.a3 Be7 23.Bxa7 Bf6 24.Rd2 Rc1+ 25.Kg2 Rb1 26.b4 Ra1 27.Rd3 Bb2 28.Re3+ Kf5
29.b5 d4 30.Rb3 Rxa3 31.Rxa3 Bxa3 32.Bxd4 f6 33.b6 Bd6 34.h3 Ke6 35.Kf1 Kd5
36.Be3 f5 37.f4 Kc6 38.Ke2 Be7 39.Kd3 Bd8 40.Kc4 g6 41.Bd4 Be7 42.Kd3 Bd8
43.Kc3 Kb7 44.Be3 Kc6 45.Kc4 Be7 46.b7 Kxb7 47.Kd5 Kc7 48.Ke6 Kd8  1/2-1/2

[Event "Hampstead Rated3"]
[Site "Hampstead"]
[Date "1998.08.21"]
[Round "7"]
[White "Hanley, Craig"]
[Black "Taylor, Peter"]
[Result "1-0"]
[WhiteElo "2010"]
[BlackElo "2150"]

1.c4 c6 2.Nc3 d5 3.d4 dxc4 4.a4 e5 5.dxe5 Qxd1+ 6.Kxd1 Be6 7.e4 Na6 8.f4 O-O-O+
9.Ke2 f5 10.Be3 Bc5 11.Nf3 Ne7 12.Ng5 Bg8 13.g3 h6 14.Nf3 Be6 15.Bh3 Rd3
16.Bxc5 Nxc5 17.Nh4 fxe4 18.Bxe6+ Nxe6 19.Nxe4 g5 20.Nd6+ Kc7 21.Nf3 gxf4
22.Nxc4 Rd5 23.g4 Nd4+ 24.Nxd4 Rxd4 25.b3 Ng6 26.Rad1 Rhd8 27.Rxd4 Rxd4 28.h4 b5
29.axb5 cxb5 30.h5 Nh8 31.Nd2 Nf7 32.e6 Ng5 33.Ra1 Nxe6 34.Rxa7+ Kd6 35.Rh7 f3+
36.Nxf3 Rxg4 37.Rxh6 Kd5 38.Rf6 Nd4+ 39.Nxd4 Kxd4 40.Kf3 Rg1 41.Rf4+ Kc3
42.b4 Rg7 43.Re4 Rg5 44.Rh4 Rg7 45.h6 Rh7 46.Ke3 Re7+ 47.Kf4 Kxb4 48.h7 Rxh7
49.Rxh7 Kc3 50.Ke3 b4 51.Rc7+ Kb2 52.Kd2 b3 53.Ra7 Kb1 54.Rh7 b2 55.Rh1+ Ka2
56.Kc2  1-0

[Event "LIB-ch"]
[Site "Beirut"]
[Date "1998.09.07"]
[Round "12"]
[White "El Jawish, A."]
[Black "Omar, Hytham"]
[Result "1-0"]
[WhiteElo "2055"]
[BlackElo "2120"]

1.c4 c6 2.Nc3 d5 3.cxd5 cxd5 4.d4 Nf6 5.Bf4 Nc6 6.e3 Bf5 7.Nf3 e6 8.Qb3 Bb4
9.Bb5 Qa5 10.O-O O-O 11.Rac1 Rfc8 12.Nd2 a6 13.Be2 b5 14.h3 Bf8 15.Qd1 Qd8
16.g4 Bg6 17.Bg5 h6 18.Bh4 Na5 19.f3 Rab8 20.Qe1 b4 21.Na4 Rxc1 22.Qxc1 Rc8
23.Nc5 Bxc5 24.dxc5 Rc6 25.a3 b3 26.Qc3 Qc7 27.Nxb3 Nxb3 28.Qxb3 Nd7 29.Rc1 a5
30.Be1 Rxc5 31.Rxc5 Qxc5 32.Qc3 Qa7 33.Kf2 a4 34.Qd4 Qb7 35.Bc3 e5 36.Qxa4 Qc7
37.Qa8+ Kh7 38.Qxd5 f6 39.Bc4 Qc8 40.Bd3  1-0

[Event "Politiken zt"]
[Site "Munkebo"]
[Date "1998.09.10"]
[Round "1.1"]
[White "Petursson, Margeir"]
[Black "Thorhallsson, Throstur"]
[Result "0-1"]
[WhiteElo "2555"]
[BlackElo "2495"]

1.c4 c6 2.e4 d5 3.exd5 cxd5 4.d4 Nf6 5.Nc3 e6 6.Nf3 Bb4 7.Bd3 O-O 8.O-O dxc4
9.Bxc4 b6 10.Bg5 Bb7 11.Rc1 Nbd7 12.Re1 Re8 13.Qe2 a6 14.Ne5 b5 15.Bd3 Qb6
16.a3 Bxc3 17.Rxc3 h6 18.Nxd7 Nxd7 19.Be3 Qd6 20.Qg4 Nf6 21.Qh4 Nd5 22.Rc5 e5
23.Bd2 Nf4 24.Rcxe5 Rxe5 25.dxe5 Qd5 26.Qg3 Nxd3 27.Bxh6 Qxg2+ 28.Qxg2 Bxg2
29.Re3 gxh6 30.Rxd3 Be4 31.Rd4 Bf5 32.Rd6 Kg7 33.f4 Rc8 34.Rxa6 Rc1+ 35.Kf2 Rc2+
36.Kg3 Rxb2  0-1

[Event "Sao Paulo zt"]
[Site "Sao Paulo"]
[Date "1998.09.16"]
[Round "9"]
[White "Sunye Neto, Jaime"]
[Black "Oblitas, Carlomagno"]
[Result "1-0"]
[WhiteElo "2520"]
[BlackElo "2420"]

1.c4 c6 2.d4 d5 3.Nf3 Nf6 4.Nc3 a6 5.cxd5 cxd5 6.Bf4 Nc6 7.e3 Bg4 8.h3 Bxf3
9.Qxf3 Qb6 10.Rb1 e6 11.Be2 Be7 12.O-O O-O 13.g4 Rfc8 14.g5 Nd7 15.h4 Nf8
16.Rfd1 Qa7 17.h5 b5 18.Qg4 Na5 19.Bd3 b4 20.Ne2 b3 21.axb3 Nxb3 22.Be5 Rc6
23.g6 hxg6 24.hxg6 fxg6 25.Nf4 Bd6 26.Nxg6 Nxg6 27.Bxg6 Bxe5 28.dxe5 Kf8
29.Qh4 a5 30.Kg2 Rc4 31.Qh8+ Ke7 32.Qxg7+ Kd8 33.Qf8+ Kc7 34.Qd6+ Kb7 35.Qxe6 Qc5
36.Rxd5 Qc6 37.Qxc6+ Kxc6 38.Bf7 Rg4+ 39.Kf3 Rb4 40.Rd6+ Kc5 41.Rbd1  1-0

[Event "Budapest FS10 IM-A"]
[Site "Budapest"]
[Date "1998.10.03"]
[Round "1"]
[White "Farago, Sandor"]
[Black "Kahn, Evarth"]
[Result "1/2-1/2"]
[WhiteElo "2335"]
[BlackElo "2325"]

1.c4 c6 2.d4 d5 3.Nf3 Nf6 4.cxd5 cxd5 5.Nc3 Nc6 6.Bf4 Bf5 7.e3 e6 8.Bd3 Bxd3
9.Qxd3 Bd6 10.Bxd6 Qxd6 11.O-O O-O 12.a3 a6  1/2-1/2

[Event "NRW Sportland Cup Masters"]
[Site "Senden"]
[Date "1998.10.09"]
[Round "2"]
[White "Fridman, Daniel"]
[Black "Schlecht, Daniel"]
[Result "1-0"]
[WhiteElo "2515"]
[BlackElo "2395"]

1.c4 c6 2.Nf3 d5 3.e3 Nf6 4.Nc3 e6 5.Qc2 Nbd7 6.b3 Bd6 7.Be2 O-O 8.Bb2 Re8
9.O-O Qe7 10.d4 b6 11.e4 Nxe4 12.Nxe4 dxe4 13.Qxe4 Bb7 14.Ne5 f5 15.Qe3 c5
16.Nxd7 Qxd7 17.Bh5 Re7 18.dxc5 Bxc5 19.Qg3 Bd6 20.f4 Qc7 21.Rad1 Be4 22.Be5 Bxe5
23.fxe5 Rd8 24.Rxd8+ Qxd8 25.Rd1 Rd7 26.Rd6 Rxd6 27.exd6 Qf6 28.Qe3 Qa1+
29.Kf2 Qb2+ 30.Be2 Qe5 31.Qd2 Qxh2 32.Bf3 Bxf3 33.Kxf3 Qh5+ 34.Kg3 Qg6+ 35.Kf2 Qf6
36.d7 Qd8 37.b4 Kf7 38.c5 bxc5 39.bxc5 h6 40.Kf1 a6 41.c6 Ke7 42.Qb4+  1-0

[Event "Budapest FS10 IM-A"]
[Site "Budapest"]
[Date "1998.10.10"]
[Round "8"]
[White "Petran, Pal"]
[Black "Jamrich, Gyorgy"]
[Result "1/2-1/2"]
[WhiteElo "2395"]
[BlackElo "2310"]

1.c4 c6 2.Nf3 Nf6 3.b3 d5 4.g3 e6 5.Bg2 a5 6.O-O a4 7.bxa4 Qa5 8.cxd5 exd5
9.Nc3 Bb4 10.Bb2 Nbd7 11.Bh3 O-O 12.a3 Bd6 13.Bf5 Ne5 14.Bxc8 Nxf3+ 15.exf3 Rfxc8
16.Qc2 Re8 17.Rae1 Rxe1 18.Rxe1 Nd7  1/2-1/2

[Event "Nordre Efteraar"]
[Site "Aarhus"]
[Date "1998.10.12"]
[Round "3"]
[White "Matthiesen, Martin"]
[Black "Ziegler, Ari"]
[Result "1/2-1/2"]
[WhiteElo "2275"]
[BlackElo "2410"]

1.c4 c6 2.d4 d5 3.Nf3 Nf6 4.Nc3 dxc4 5.a4 Bf5 6.Ne5 e6 7.f3 Bb4 8.e4 Bxe4
9.fxe4 Nxe4 10.Qf3 Qxd4 11.Qxf7+ Kd8 12.Bg5+ Nxg5 13.Qxg7 Bxc3+ 14.bxc3 Qxc3+
15.Ke2 Qc2+ 16.Ke1 Qc3+ 17.Ke2 Qc2+ 18.Ke1  1/2-1/2

[Event "Elista ol (Men)"]
[Site "Elista"]
[Date "1998.10.12"]
[Round "13"]
[White "Damljanovic, Branko"]
[Black "Torre, Eugenio"]
[Result "1-0"]
[WhiteElo "2555"]
[BlackElo "2545"]

1.c4 c6 2.e4 d5 3.exd5 cxd5 4.d4 Nf6 5.Nc3 e6 6.Nf3 Be7 7.cxd5 Nxd5 8.Bd3 Nc6
9.O-O O-O 10.Re1 Bf6 11.Be4 Nce7 12.Qd3 g6 13.Bh6 Bg7 14.Bxg7 Kxg7 15.Qd2 Qd6
16.Ne5 Bd7 17.h4 Bc6 18.Rad1 Rad8 19.Bxd5 Bxd5 20.Ng4 Nf5 21.h5 f6 22.h6+ Kf7
23.Ne3 Bc6 24.Nxf5 gxf5 25.Qe2 Rg8 26.Qh5+ Kf8 27.d5 Rg5 28.Qe2 exd5 29.Nb5 Qb4
30.Nc7 Rd6 31.Qe7+ Kg8 32.g3 Qf4 33.Rd3 Bd7 34.Qd8+ Kf7 35.Re7+ Kg6 36.Qg8+ Kh5
37.Qf7+  1-0

[Event "NRW Sportland Cup Masters"]
[Site "Senden"]
[Date "1998.10.13"]
[Round "6"]
[White "Fridman, Daniel"]
[Black "Woller, Rainer"]
[Result "1-0"]
[WhiteElo "2515"]
[BlackElo "2210"]

1.c4 c6 2.Nf3 d5 3.e3 Nf6 4.Nc3 e6 5.Qc2 Nbd7 6.b3 Bd6 7.Bb2 O-O 8.h3 a6
9.d4 Qe7 10.g4 dxc4 11.bxc4 e5 12.O-O-O Re8 13.g5 Nh5 14.Be2 g6 15.Ne4 Ba3
16.dxe5 Bxb2+ 17.Qxb2 Nc5 18.Nd6 Rf8 19.Nd2 Bf5 20.Qd4 Ne6 21.Qc3 Neg7 22.N2e4 Bxe4
23.Nxe4 Qc7 24.Bg4 Rad8 25.Rd6 Rxd6 26.exd6 Qd8 27.Bxh5 Nxh5 28.Rd1 Qb8 29.f4 Re8
30.Qd4 b6 31.d7 Rd8 32.Nf6+ Nxf6 33.gxf6 h6 34.Qe4  1-0